Environmental engineering (Record no. 62737)

MARC details
000 -LEADER
fixed length control field 00921nam a2200205 a 4500
008 - FIXED-LENGTH DATA ELEMENTS--GENERAL INFORMATION
fixed length control field 120416s1999 ||||||||||||||||| || u
020 ## - INTERNATIONAL STANDARD BOOK NUMBER
International Standard Book Number 8120314743
050 ## - LIBRARY OF CONGRESS CALL NUMBER
Classification number TA 170 Sin
100 ## - MAIN ENTRY--PERSONAL NAME
Personal name Sincero, Arcadio P
245 10 - TITLE STATEMENT
Title Environmental engineering
246 ## -
-- a design approach
260 ## - PUBLICATION, DISTRIBUTION, ETC.
Place of publication, distribution, etc. New Delhi
Name of publisher, distributor, etc. Prentice-Hall of India
Date of publication, distribution, etc. 1999
300 ## - PHYSICAL DESCRIPTION
Extent xx ; 795p. ; ill.
350 ## -
-- 0.00
650 ## - SUBJECT ADDED ENTRY--TOPICAL TERM
Topical term or geographic name entry element ENGINEERING
650 ## - SUBJECT ADDED ENTRY--TOPICAL TERM
Topical term or geographic name entry element ENVIRONMENRAL ENGINEERING
995 ## -
-- ANNEX COLLECTION (Main Library)
-- 0.00
-- 732029
-- CBU-MAIN LIBRARY (Kitwe)
-- 1
-- 35.95
-- TA 170 Sin
-- 1
-- AVAILABLE
-- 029479
-- Annex Low-Usage Collection
995 ## -
-- BINDERY (DAMAGED)
-- 0.00
-- 732028
-- CBU-MAIN LIBRARY (Kitwe)
-- 2
-- 35.95
-- TA 170 Sin
-- 2
-- DAMAGED
-- 029486
-- Main Library Open Access Collection
995 ## -
-- BINDERY (DAMAGED)
-- 0.00
-- 732030
-- CBU-MAIN LIBRARY (Kitwe)
-- 3
-- 35.95
-- TA 170 Sin
-- 3
-- DAMAGED
-- 029480
-- Main Library Open Access Collection
999 ## -
-- 62737
-- 62737
Holdings
Withdrawn status Lost status Source of classification or shelving scheme Damaged status Not for loan Permanent Location Current Location Shelving location Date acquired Total Checkouts Full call number Barcode Date last seen Price effective from Koha item type
          CBU-MAIN LIBRARY, KITWE. CBU-MAIN LIBRARY, KITWE.   12/16/2022   TA 170 Sin 029479 12/16/2022 12/16/2022 MONOGRAPH
          CBU-MAIN LIBRARY, KITWE. CBU-MAIN LIBRARY, KITWE.   12/16/2022   TA 170 Sin 029486 12/16/2022 12/16/2022 MONOGRAPH
          CBU-MAIN LIBRARY, KITWE. CBU-MAIN LIBRARY, KITWE.   12/16/2022   TA 170 Sin 029480 12/16/2022 12/16/2022 MONOGRAPH